000 01498cab a2200289 4500
001 ##L132467
008 060210n2006 000 0 eng u
035 _a(Sirsi) u132467
041 0 _aeng
100 1 _aHumphreys, Emma
245 0 0 _aImprove your service
260 _c2006
490 0 _aEstates Gazette
_v(0605) 4 February 2006, 268-269(2)
520 _aThe second of two "Mainly for students" articles" (see also L132312) on serving notices in respect of leases explains why requirements for contractual and statutory notices must be followed precisely. Discusses the general principles of service, best practice in the actual serving of the notice and situations where the serving of notices is merely tactical. Provides a checklist of things to consider when serving a notice and a list of relevant case law.
590 _aIKA140206
650 2 4 _aCOMMONHOLD AND LEASEHOLD ACT 2002 S166
650 2 4 _aMANNAI INVESTMENT CO LTD V EAGLE STAR LIFE ASSURANCE CO LTD UK
650 2 4 _aBLUNDEN V FROGMORE INVESTMENTS
650 2 4 _aVISCOUNT CHELSEA V MORRIS
650 2 4 _aNINE CORNWALL CRESCENT LONDON LTD V KENSINGTON AND CHELSEA LBC
650 2 4 _aRAVENSEFT PROPERTIES LTD V HALL
650 2 4 _aSUN LIFE ASSURANCE PLC V THALES TRACS LTD AND ANOTHER
650 2 4 _aUNITED SCIENTIFIC HOLDINGS LTD V BURNLEY BC
690 _aPROPERTY-COMMERCIAL PROPERTY-LEASEHOLD COMMERCIAL PROPERTY-COMMERCIAL LANDLORD AND TENANT-BUSINESS TENANCIES
700 1 _aSeitler, Jonathan
942 _n0
999 _c76462
_d76462